000 00384 a2200157 4500
001 76116
020 _a978-85-16-119409
040 _cAnchieta - Colégio São Paulo
100 _aCarone, Célia R.
240 1 0 _aPresente: ciências 2º ano
_lpor
245 1 0 _aPresente: ciências 2º ano
300 _a141
362 0 _a2019
650 4 _aCiência da vida - Biologia
942 _cBK
999 _c76116
_d76116